Elementary principles of chemical processes (Record no. 25348)

000 -LEADER
fixed length control field 00647nam a2200217 a 4500
001 - CONTROL NUMBER
control field 25348
003 - CONTROL NUMBER IDENTIFIER
control field BD-DhUET
008 - FIXED-LENGTH DATA ELEMENTS--GENERAL INFORMATION
fixed length control field 850517s1986 nyua b 001 0 eng
040 ## - CATALOGING SOURCE
Original cataloging agency DLC
Transcribing agency DLC
Modifying agency BD-DhUET
082 00 - DEWEY DECIMAL CLASSIFICATION NUMBER
Classification number 660.284
Item number FEL/1986
100 ## - MAIN ENTRY--PERSONAL NAME
Personal name Felder, Richard M.
245 10 - TITLE STATEMENT
Title Elementary principles of chemical processes
250 ## - EDITION STATEMENT
Edition statement 2nd ed.
260 ## - PUBLICATION, DISTRIBUTION, ETC. (IMPRINT)
Place of publication, distribution, etc. New York
Name of publisher, distributor, etc. John Wiley & Sons
Date of publication, distribution, etc. 1986
300 ## - PHYSICAL DESCRIPTION
Extent xix, 668 p.
Other physical details ill.
Dimensions 25 cm.
490 ## - SERIES STATEMENT
Series statement Wiley series in chemical engineering
504 ## - BIBLIOGRAPHY, ETC. NOTE
Bibliography, etc Includes bibliographies
650 #0 - SUBJECT ADDED ENTRY--TOPICAL TERM
Topical term or geographic name as entry element Chemical processes, Pressure, Temperature, Energy
700 ## - ADDED ENTRY--PERSONAL NAME
Personal name Rousseau, Ronald W.
942 ## - ADDED ENTRY ELEMENTS (KOHA)
Koha item type General Book
Holdings
Koha issues (times borrowed) Withdrawn status Koha date last borrowed Source of classification or shelving scheme Shelving location Koha date last seen Piece designation (barcode) Date acquired Location (home branch) Price effective from Koha item type Lost status Damaged status Koha normalized classification for sorting Copy number Sublocation or collection (holding branch) Koha full call number Not for loan
1 2022-11-21 Circulation section2022-11-22705532015-05-14Central Library, BUET2015-05-14General Book  660_284000000000000_FEL_19861Central Library, BUET660.284/FEL/1986 
1 2017-10-16 Circulation section2017-12-13705522015-05-14Central Library, BUET2015-05-14General Book  660_284000000000000_FEL_19862Central Library, BUET660.284/FEL/1986 
    Reading section2015-06-20680892015-06-20Central Library, BUET2015-06-20Reading Item  660_284000000000000_FEL_19863Central Library, BUET660.284/FEL/1986 
    Reading section2015-06-20680902015-06-20Central Library, BUET2015-06-20Reading Item  660_284000000000000_FEL_19864Central Library, BUET660.284/FEL/1986 
    Reading section2015-06-20680922015-06-20Central Library, BUET2015-06-20Reading Item  660_284000000000000_FEL_19865Central Library, BUET660.284/FEL/1986 
    Reading section2015-06-30680912015-06-30Central Library, BUET2015-06-30Reading Item  660_284000000000000_FEL_19866Central Library, BUET660.284/FEL/1986